Electronic commerce : profiting from business on-line.
| Main Author: | |
|---|---|
| Format: | Book |
| Published: |
Kuala Lumpur:
SAM Publishing,
2000.
|
| Subjects: |
| LEADER | 00427cam a2200145 7i4500 | ||
|---|---|---|---|
| 001 | 0000008689 | ||
| 005 | 20010206090000.0 | ||
| 020 | 0 | 0 | |a 9831362659 |
| 090 | 0 | 0 | |a B 658.8002854621 |b FIS |
| 100 | 1 | 0 | |a Fischer |
| 245 | 1 | 0 | |a Electronic commerce : |b profiting from business on-line. |
| 260 | 0 | 0 | |a Kuala Lumpur: |b SAM Publishing, |c 2000. |
| 300 | # | # | |a 313 p. |
| 650 | 0 | 0 | |a Electronic commerce |
| 999 | |a B000011899 |b Book |c Book |e Business Information Centre | ||


